000 00677nam a2200205 a 4500
001 000011963
005 20240412074229.0
008 091102s2004 dr a 000 p spa d
040 _aDO-SdBNP
_bspa
_cBNPHU
082 _aRD861.5
_bM332d
100 1 _aMaria Teresa
_928245
245 1 0 _aDesnudando el alma /
_cMaría Teresa ; prólogo Wanda Ramírez.
260 _aSanto Domingo :
_bJulio Díaz Servicios Publicitarios,
_c2004.
300 _a68 p. :
_bil. ;
_c20 cm.
590 _aInventariado, 2019 / DG
650 0 _aPoesía dominicana
_966
650 0 _aLiteratura dominicana.
_967
700 1 2 _aRamírez, Wanda,
_epról.
_928246
910 _aValidado. Control de calidad MFF
999 _c11633
_d11633